International Journal of Peace and Conflict Studies (Record no. 37396)

MARC details
000 -LEADER
fixed length control field 00462nam a2200133Ia 4500
022 ## - INTERNATIONAL STANDARD SERIAL NUMBER
ISSN 2346-7258
050 ## - CALL MARK
Classification number JZ5584 .A35 I58/
245 ## - TITLE STATEMENT
Title International Journal of Peace and Conflict Studies
250 ## - EDITION / VOLUME STATEMENT
Edition / Volume statement Vol. 10, No.1
260 ## - PUBLICATION, DISTRIBUTION, ETC. (IMPRINT)
Name of publisher RCMSS
Year of publication 2025
650 ## - SUBJECT ADDED ENTRY--TOPICAL TERM
Topical Term Conflict management--Africa--Periodicals Social conflict--Africa--Periodicals Genocide--Africa--Periodicals Africa--Politics and government--Periodicals
942 ## - ADDED ENTRY ELEMENTS (KOHA)
Koha item type Serials
Source of classification Library of Congress Classification

No items available.